Erinnerungen an Sabschütz

Titel: Erinnerungen an Sabschütz : ein Dorf in Oberschlesien / Otto Bartsch
Verfasser:
Veröffentlicht: Ratingen [Bertramsweg 52] : O. Bartsch, 2008
Umfang: 183 S. : Ill., Kt. ; 21 cm
Format: Buch
Sprache: Deutsch
Kein Bild verfügbar
X
Lokale Klassifikation: 14 8 S 464 ; 14 3 H ; 14 5 Fa ; 14 13 L ; 14 3 K
alg: 20920708
001A    $06000:13-02-09 
001B    $01999:03-06-23 $t03:57:48.000 
001C    $06000:13-02-09 $t12:58:46.000 
001D    $06000:13-02-09 
001U    $0utf8 
001X    $00 
002@    $0Aaxaf 
003@    $0209207086 
003O    $0304424875 $aOCoLC 
004A    $fkart. 
006G    $0992033489 
006U    $009,B08,0776 $f20090112 
007A    $0992033489 $aDNB 
007G    $0DE020AC8598390936ADE1C1257868004133F8 
007T    $0Herdc0059254m 
009P    $qapplication/pdf $A2 $3Inhaltsverzeichnis $uhttp://scans.hebis.de/HEBCGI/show.pl?20920708_toc.pdf $mV:DE-603;B:DE-Mb50 
010@    $ager 
011@    $a2008 $n2008 
015@    $00 
017A    $asf 
021A    $aErinnerungen an Sabschütz $dein Dorf in Oberschlesien $hOtto Bartsch 
028A    $7 $8Bartsch, Otto [Tnd] $913981129X 
033A    $pRatingen [Bertramsweg 52] $nO. Bartsch 
034D    $a183 S. 
034I    $a21 cm 
034M    $aIll., Kt. 
045E    $c940 
045F    $a943.855 $eDDC22ger 
045F/01 $a943 
045F/03 $g43855 
045G    $a306.094385 $eDDC23BSB 
045G/01 $a306.09 
045G/03 $g4385 
045H    $a900.94385 $eDDC23BSB 
045H/01 $a900 
045H/03 $g4385 

lok: 20920708 24
101B    $031-03-11 $t09:07:39.000 
101C    $031-03-11 
101U    $0utf8 
145Z/01 $a14 8 S 464 
145Z/02 $a14 3 H 
145Z/03 $a14 5 Fa 
145Z/04 $a14 13 L 
145Z/05 $a14 3 K 

exp: 20920708 24 1 #EPN
201B/01 $031-03-11 $t09:07:39.000 
201C/01 $012-01-11 
201U/01 $0utf8 
203@/01 $060429154X 
208@/01 $a31-03-11 $bz 
209A/01 $a11.00368 $du $f050 $h11 00368 $x00 
209C/01 $a11.00368 G $h11 00368 G 
209G/01 $a70985985 $x00 
220C/01 $ajwa/hae 
247C/01 $8358050-7 Marburg, Bibliothek des Herder-Instituts Marburg $9102600961 

lok: 20920708 78

exp: 20920708 78 1 #EPN
201B/01 $019-04-17 $t14:58:41.000 
201U/01 $0utf8 
203@/01 $0791930920 
208@/01 $a12-11-16 $be 
209A/01 $a/ $f000 $x00 
220C/01 $aTitelaufnehmer: wr;pg 
220C/01 $aHerkunft: HI Marburg 
237A/01 $aweiterführende Signatur(en):  Herder-Institut: 11.00368 
244Z/01 $2Trx $#Silesia $#Śląsk $#Sliezsko $#Slezsko $8--Trx--Schlesien $x01 $9391173987 
244Z/01 $2Trx $#Poola $#Lenkija $#Polija $#Polen Land $#Poland $#Lengyelország $#Poľsko $#Polsko $8--Trx--Polska$gkraj $x02 $9391345966 
244Z/01 $2Trx $#Sabschütz Leobschütz $8--Trx--Zawiszyce$gGłubczyce $x03 $9391351699 
244Z/01 $aGeschichte 1100-1945 $x04 
244Z/01 $2Trx $#mälestused $#atsiminimai $#Memoirs $#emlékezések $#wspomnienia $#spomienky $#vzpomínky $#memuaarid $#Memoiren $#pamiętniki $#pamäti $#paměti $8--Trx--Erinnerungen $x05 $9391357727 
244Z/01 $2Trx $#kodumaa raamatud $#regionų literatūra $#Heimatbücher $#regionális könyvek $#literatura regionalna $#knihy vlastivedné $#knihy vlastivědné $#books on local regional life $8--Trx--Heimatbücher $x06 $9391382918 
244Z/01 $2Trx $#ülevaated kohad $#vietovės bendras $#overview cities $#ábrázolások, átfogó helyek $#miejscowości poszczególne $#dejiny miestne $#dějiny místní $#Ortsgeschichte $#Städte $#Orte $#miasta $#miestne dejiny $8--Trx--Darstellungen, übergreifende$gOrte $x07 $9391384228 
244Z/01 $2Trx $8--Trx--Monographie $x08 $9391384546 
245Z/01 $a13.03 $x01 
245Z/01 $a03.01 $x02 
247C/01 $82080>Marburg/Lahn, Herder-Institut, Forschungsbibliothek, Bibliographieportal $9336309341
LEADER 00000cam a22000002c 4500
001 209207086
003 DE-603
005 20230603035748.0
007 tu
008 090213s2008 xx |||| | u00||u|ger
015 |a 09,B08,0776  |2 dnb 
016 7 |2 DE-101  |a 992033489 
035 |a (DE-599)DNB992033489 
035 |a (OCoLC)304424875 
040 |a DE-603  |b ger  |c DE-603  |d DE-603 
041 |a ger 
082 0 4 |8 1\u  |a 943.855  |q DE-101  |2 22/ger 
083 0 |8 2\u  |a 306.094385  |q DE-101  |2 23/BSB 
083 0 |8 3\u  |a 900.94385  |q DE-101  |2 23/BSB 
084 |a 940  |q DE-101  |2 sdnb 
085 |8 1\u  |b 943 
085 |8 1\u  |z 2  |s 43855 
085 |8 2\u  |b 306.09 
085 |8 2\u  |z 2  |s 4385 
085 |8 3\u  |b 900 
085 |8 3\u  |z 2  |s 4385 
090 |a b 
100 1 |a Bartsch, Otto  |0 (DE-603)13981129X 
245 0 0 |a Erinnerungen an Sabschütz  |b ein Dorf in Oberschlesien  |c Otto Bartsch 
264 1 |a Ratingen [Bertramsweg 52]  |b O. Bartsch  |c 2008 
300 |a 183 S.  |b Ill., Kt.  |c 21 cm 
856 4 2 |m V:DE-603;B:DE-Mb50  |q application/pdf  |u http://scans.hebis.de/HEBCGI/show.pl?20920708_toc.pdf  |3 Inhaltsverzeichnis 
924 0 |9 Mb 50  |a (DE-603)60429154X  |b DE-Mb50  |c HES  |d c  |g 11.00368 
924 0 |9 2080  |a (DE-603)791930920  |b DE-2080  |c HES  |d d  |g /